Online Catalogue and eLibrary

Narrative Analysis: (Record no. 1089)

MARC details
000 -LEADER
fixed length control field 00477nam a2200169Ia 4500
005 - DATE AND TIME OF LATEST TRANSACTION
control field 20250320041252.0
008 - FIXED-LENGTH DATA ELEMENTS--GENERAL INFORMATION
fixed length control field 240331s9999 xx 000 0 und d
020 ## - INTERNATIONAL STANDARD BOOK NUMBER
ISBN 0803947542
082 ## - DDC Classification
Class No. 302.2
Item Number - Author Mark RIE
DDC Edition Number 2214
100 ## - MAIN ENTRY--PERSONAL NAME
Personal name Riessman, C. K
245 #0 - TITLE STATEMENT
Title Narrative Analysis:
Remainder of title Qualitative Research Methods
260 ## - PUBLICATION, DISTRIBUTION, ETC.
Place of publication, distribution, etc. California;
-- London;
-- New Delhi,
Name of publisher, distributor, etc. SAGE Publications
Date of publication, distribution, etc. 1993
300 ## - PHYSICAL DESCRIPTION
Extent (e.g. Volumes, Pages etc.) vii, 80 p., (Volume 30)
650 ## - SUBJECT ADDED ENTRY--TOPICAL TERM
Topical term or geographic name entry element Narrative
650 ## - SUBJECT ADDED ENTRY--TOPICAL TERM
Topical term or geographic name entry element Psychology
942 ## - Koha item type (Biblio)
Koha item type Books in Stacks (Lending)
Holdings
Lost status Damaged status Collection code Home library Current library Shelving location Date acquired Full call number Accession Number Item type
    Lending WERC Library WERC Library Social Science Cupboard 03/31/2024 302.2 RIE 2214 Books in Stacks (Lending)

© WERC Library